00365 a2200121 450000100060000010000170000624500490002326000280007209000170010094200230011799900190014095200840015953102 aGaskell D R aIntroduction to Metallurgical Thermodynamics aNew YorkbMcGraw-Hillc c33389d33389 aNUST-CAEcMc25990 c288175d288175 001040708NFICaCAEbCAEd2017-04-03l0pCAE30087r2017-04-05w2017-04-05yBK